02146nam a2200265 a 450000100100000000500170001000800410002702000150006804000250008308200190010810000480012724500570017526000430023230000420027550000310031750508000034865100420114891000370119095201320122795201320135995201320149195201170162395201230174099900170186300002110020200930011232.0100831s2006 dr acd 000 0 spa d a9993482315 aDO-SdBNPbspacBNPHU a972.93bD671hi1 aDomínguez, Jaime de Jesúsd1947-91024410aHistoria dominicana /cJaime de Jesús Domínguez. aSanto Domingo :babc editorial,c2006. a287 p. :bil., map., retrs. ;c23 cm. aBibliografía: p. 286-2870 aLos indígenas de La Española -- Colón y el descubrimiento de América -- La factoría colombina -- La insurrección de Roldán -- El Gobierno de Ovando -- Diego Colón. Padres Jerónimos. Enriquillo -- La industria azucarera colonial -- Los negros esclavos -- Las devastaciones de Osorio -- Santo Domingo francés y español -- Las primeras invasiones haitianas -- La era de Francia en Santo Domingo -- La España Boba. Independencia Efímera -- La ocupación haitiana -- La primera república -- La anexión a España -- Julio de 1865. Julio de 1886 -- La Dictadura de Heureaux -- Los inicios del siglo XX -- La primera ocupación estadounidense -- El tercer gobierno de Horacio Vásquez -- La dictadura de Trujillo -- Hacia la democracia representativa -- Bibliografía. 4aRepública DominicanaxHistoria9170 aValidado. Control de calidad MFF 001054708DSaGRbGRcHDd2011-02-17iLF1l0o972.93 D671hip21100-30r2020-06-25te. 3w2020-06-25yLFDSZPréstamo en sala 001054708DSaGRbGRcHDd2011-02-17iLF1l0o972.93 D671hip21100-40r2020-06-25te. 4w2020-06-25yLFDSZPréstamo en sala 001054708DSaGRbGRcHDd2011-02-17iLF1l0o972.93 D671hip21100-50r2020-06-25te. 5w2020-06-25yLFDSZPréstamo en sala 0010718PDaPDbPDcHDd2010-08-31iLF1l0o972.93 D671hip21100-10r2020-06-25w2020-06-25yLFPDZNo se presta 0010718PDaPDbPDcHDd2010-08-31iLF1l0o972.93 D671hip21100-20r2020-06-25te. 2w2020-06-25yLFPDZNo se presta c20602d20602